| Tag |
First Indicator |
Second Indicator |
Subfields |
| LEADER |
00000cam a2200000 4500 |
| 001 |
in00002075615 |
| 005 |
20151102121931.0 |
| 008 |
700512s1969 dcua b 000 0 eng |
| 010 |
|
|
|a 73604036
|
| 035 |
|
|
|a (OCoLC)ocm00071193
|
| 040 |
|
|
|a DLC
|c DLC
|d TXA
|d UtOrBLW
|
| 049 |
|
|
|a TXAM
|
| 050 |
0 |
0 |
|a GC3.U7
|b A3 no. 13
|
| 086 |
0 |
|
|a TD 5.18:13
|
| 100 |
1 |
|
|a Wolford, Thomas C.
|
| 245 |
1 |
0 |
|a Oceanography of the Grand Banks region and the Labrador Sea in 1966 /
|c [by] Thomas C. Wolford.
|
| 264 |
|
1 |
|a Washington :
|b U.S. Coast Guard Oceanographic Unit,
|c 1966 [i.e. 1969]
|
| 300 |
|
|
|a viii, 176 pages :
|b illustrations ;
|c 27 cm.
|
| 336 |
|
|
|a text
|b txt
|2 rdacontent
|
| 337 |
|
|
|a unmediated
|b n
|2 rdamedia
|
| 338 |
|
|
|a volume
|b nc
|2 rdacarrier
|
| 490 |
1 |
|
|a United States. Coast Guard. Oceanographic report ;
|v no. 13
|
| 500 |
|
|
|a "CG 373-13."
|
| 504 |
|
|
|a Bibliography: pages 25-26.
|
| 650 |
|
0 |
|a Oceanography
|z Grand Banks of Newfoundland.
|
| 650 |
|
0 |
|a Oceanography
|z Labrador Sea.
|
| 610 |
2 |
0 |
|a Evergreen (Cutter)
|
| 710 |
1 |
|
|a United States.
|b Coast Guard.
|b Oceanographic Unit.
|
| 830 |
|
0 |
|a Oceanographic report (United States. Coast Guard. Oceanographic Unit) ;
|v no. 13.
|
| 994 |
|
|
|a C0
|b TXA
|
| 999 |
|
|
|a MARS
|
| 999 |
f |
f |
|s 65c6795f-4b99-398b-be12-3599ee6a3e7b
|i e958aacf-bc4a-3b55-90ff-75b8ddebf99f
|t 0
|
| 952 |
f |
f |
|p normal
|a Texas A&M University
|b College Station
|c Sterling C. Evans Library
|d Evans: US Documents (Annex 5th floor)
|t 0
|e TD 5.18:13
|h Superintendent of Documents classification
|i unmediated -- volume
|m A14832384893
|
| 998 |
f |
f |
|a TD 5.18:13
|t 0
|l Evans: US Documents (Annex 5th floor)
|